E For Elephant Tales of Elephants and Beyond/ (Record no. 204768)

MARC details
000 -LEADER
fixed length control field 00652nam a22001937a 4500
005 - DATE AND TIME OF LATEST TRANSACTION
control field 20240802153603.0
010 ## - LCCN (DPL NO)
LC control number ENG-141164
020 ## - INTERNATIONAL STANDARD BOOK NUMBER
International Standard Book Number 9789391072988
Terms of availability 160.00
035 ## - SYSTEM CONTROL NUMBER
System control number EN-124696
037 ## - SOURCE OF ACQUISITION
Source of stock number/acquisition DBAD
082 ## - DEWEY DECIMAL CLASSIFICATION NUMBER
Classification number S
100 ## - MAIN ENTRY--PERSONAL NAME
Personal name Kunjukuttan, Madambu
245 ## - TITLE STATEMENT
Title E For Elephant Tales of Elephants and Beyond/
Statement of responsibility, etc Writer Madambu Kunjukuttan
Medium English
260 ## - PUBLICATION, DISTRIBUTION, ETC. (IMPRINT)
Place of publication, distribution, etc Kerala
Name of publisher, distributor, etc Green Books Pvt Ltd.
Date of publication, distribution, etc 2023
270 ## - ADDRESS
Address Gb Building, Civil Lane Road, Ayyanthole, Thrissur
City Kerala
Postal code 680003
Telephone number 487-2391066, 2381039
Electronic mail address info@greenbooksindia.com
300 ## - PHYSICAL DESCRIPTION
Extent 112p.;
Dimensions 21cm(Pb)
700 ## - ADDED ENTRY--PERSONAL NAME
Personal name Madambu Kunjukuttan
9 (RLIN) 69267
942 ## - ADDED ENTRY ELEMENTS (KOHA)
Source of classification or shelving scheme Dewey Decimal Classification
Item type English Books
Classification part S
Call number suffix Kun
Holdings
Withdrawn status Lost status Not for loan Collection code Home library Current library Date acquired Source of acquisition Cost, normal purchase price Full call number Barcode Copy number Cost, replacement price Koha item type
      Fiction Shahdara Branch Shahdara Branch 02/08/2024 DBAD 160.00 S KUN EN-124696 1 160.00 English Books

© Delhi Public Library
Hit Counter
free hit counter